000 00677nam a2200145Ia 4500
008 100204s9999 xx 000 0 und d
082 _b9574
100 _aजोग ब. ना.
245 _aचीनचे बकासुरी आक्रमण आणि भारताची वज्रमूठ
260 _b"श्रीराम प्रकाशन, पुणे"
_c1962
300 _a89
630 _aचीनचे बकासुरी आक्रमण आणि भारताची वज्रमूठ
730 _aचीनचे बकासुरी आक्रमण आणि भारताची वज्रमूठ
942 _cBOOK
999 _c454010
_d454007